000 00415nam a2200157Ia 4500
008 230711s9999||||xx |||||||||||||| ||und||
041 _aENG
082 _a624
_bKA-E
100 _aKadambi,V
245 3 _aAn Introduction to Energy Conversion: Turbomachinery
250 _a1st Ed.
260 _c1994
_aNew Delhi
_bWiley Eastern Limited
650 _aMechanical Engineering
700 _aManohar,Parsad
942 _cBK
999 _c2700
_d2700